<?xml version="1.0" encoding="UTF-8"?>
<record
    xmlns:xsi="http://www.w3.org/2001/XMLSchema-instance"
    xsi:schemaLocation="http://www.loc.gov/MARC21/slim http://www.loc.gov/standards/marcxml/schema/MARC21slim.xsd"
    xmlns="http://www.loc.gov/MARC21/slim">

  <leader>00571nam a2200193   4500</leader>
  <controlfield tag="003">SEACOMEC</controlfield>
  <controlfield tag="005">20240905152126.0</controlfield>
  <controlfield tag="008">231004b        |||||||| |||| 00| 0 eng d</controlfield>
  <datafield tag="020" ind1=" " ind2=" ">
    <subfield code="c">225.00</subfield>
    <subfield code="a">978-0071362702</subfield>
  </datafield>
  <datafield tag="040" ind1=" " ind2=" ">
    <subfield code="a">SEACOMEC</subfield>
  </datafield>
  <datafield tag="082" ind1=" " ind2=" ">
    <subfield code="a">621.3815</subfield>
    <subfield code="b">C363</subfield>
  </datafield>
  <datafield tag="100" ind1="1" ind2=" ">
    <subfield code="a">Cathey, Jimmie J.</subfield>
  </datafield>
  <datafield tag="245" ind1="1" ind2=" ">
    <subfield code="a">Electronic Devices and circuits /</subfield>
    <subfield code="c"> Jimmie J. Cathey,</subfield>
  </datafield>
  <datafield tag="250" ind1=" " ind2=" ">
    <subfield code="a">2nd ed</subfield>
  </datafield>
  <datafield tag="260" ind1=" " ind2=" ">
    <subfield code="a">Delhi</subfield>
    <subfield code="b">TMH</subfield>
    <subfield code="c">2006</subfield>
  </datafield>
  <datafield tag="650" ind1=" " ind2=" ">
    <subfield code="a">Applied Physics</subfield>
  </datafield>
  <datafield tag="650" ind1=" " ind2=" ">
    <subfield code="a">Electrical, magnetic, optical, communications, computer engineering; electronics, lighting</subfield>
  </datafield>
  <datafield tag="942" ind1=" " ind2=" ">
    <subfield code="c">BOOK</subfield>
  </datafield>
  <datafield tag="952" ind1=" " ind2=" ">
    <subfield code="0">0</subfield>
    <subfield code="1">0</subfield>
    <subfield code="2">ddc</subfield>
    <subfield code="4">0</subfield>
    <subfield code="7">0</subfield>
    <subfield code="a">SEACOMEC</subfield>
    <subfield code="b">SEACOMEC</subfield>
    <subfield code="d">2007-08-16</subfield>
    <subfield code="l">0</subfield>
    <subfield code="o">621.3815 C363</subfield>
    <subfield code="p">7931</subfield>
    <subfield code="r">2024-08-26 13:13:51</subfield>
    <subfield code="w">2024-08-26</subfield>
    <subfield code="y">REF</subfield>
  </datafield>
  <datafield tag="952" ind1=" " ind2=" ">
    <subfield code="0">0</subfield>
    <subfield code="1">0</subfield>
    <subfield code="2">ddc</subfield>
    <subfield code="4">0</subfield>
    <subfield code="7">0</subfield>
    <subfield code="a">SEACOMEC</subfield>
    <subfield code="b">SEACOMEC</subfield>
    <subfield code="d">2007-08-16</subfield>
    <subfield code="l">0</subfield>
    <subfield code="o">621.3815 C363</subfield>
    <subfield code="p">7932</subfield>
    <subfield code="r">2024-08-26 13:13:51</subfield>
    <subfield code="t">1</subfield>
    <subfield code="w">2024-08-26</subfield>
    <subfield code="y">BOOK</subfield>
  </datafield>
  <datafield tag="952" ind1=" " ind2=" ">
    <subfield code="0">0</subfield>
    <subfield code="1">0</subfield>
    <subfield code="2">ddc</subfield>
    <subfield code="4">0</subfield>
    <subfield code="7">0</subfield>
    <subfield code="a">SEACOMEC</subfield>
    <subfield code="b">SEACOMEC</subfield>
    <subfield code="d">2007-08-16</subfield>
    <subfield code="l">0</subfield>
    <subfield code="o">621.3815 C363</subfield>
    <subfield code="p">7933</subfield>
    <subfield code="r">2024-08-26 13:13:51</subfield>
    <subfield code="t">2</subfield>
    <subfield code="w">2024-08-26</subfield>
    <subfield code="y">BOOK</subfield>
  </datafield>
  <datafield tag="952" ind1=" " ind2=" ">
    <subfield code="0">0</subfield>
    <subfield code="1">0</subfield>
    <subfield code="2">ddc</subfield>
    <subfield code="4">0</subfield>
    <subfield code="7">0</subfield>
    <subfield code="a">SEACOMEC</subfield>
    <subfield code="b">SEACOMEC</subfield>
    <subfield code="d">2007-08-16</subfield>
    <subfield code="l">0</subfield>
    <subfield code="o">621.3815 C363</subfield>
    <subfield code="p">7934</subfield>
    <subfield code="r">2024-08-26 13:13:51</subfield>
    <subfield code="t">3</subfield>
    <subfield code="w">2024-08-26</subfield>
    <subfield code="y">BOOK</subfield>
  </datafield>
  <datafield tag="952" ind1=" " ind2=" ">
    <subfield code="0">0</subfield>
    <subfield code="1">0</subfield>
    <subfield code="2">ddc</subfield>
    <subfield code="4">0</subfield>
    <subfield code="7">0</subfield>
    <subfield code="a">SEACOMEC</subfield>
    <subfield code="b">SEACOMEC</subfield>
    <subfield code="d">2007-08-16</subfield>
    <subfield code="l">0</subfield>
    <subfield code="o">621.3815 C363</subfield>
    <subfield code="p">7935</subfield>
    <subfield code="r">2024-08-26 13:13:51</subfield>
    <subfield code="t">4</subfield>
    <subfield code="w">2024-08-26</subfield>
    <subfield code="y">BOOK</subfield>
  </datafield>
  <datafield tag="952" ind1=" " ind2=" ">
    <subfield code="0">0</subfield>
    <subfield code="1">0</subfield>
    <subfield code="2">ddc</subfield>
    <subfield code="4">0</subfield>
    <subfield code="7">0</subfield>
    <subfield code="a">SEACOMEC</subfield>
    <subfield code="b">SEACOMEC</subfield>
    <subfield code="d">2007-08-16</subfield>
    <subfield code="l">0</subfield>
    <subfield code="o">621.3815 C363</subfield>
    <subfield code="p">7936</subfield>
    <subfield code="r">2024-08-26 13:13:51</subfield>
    <subfield code="t">5</subfield>
    <subfield code="w">2024-08-26</subfield>
    <subfield code="y">BOOK</subfield>
  </datafield>
  <datafield tag="952" ind1=" " ind2=" ">
    <subfield code="0">0</subfield>
    <subfield code="1">0</subfield>
    <subfield code="2">ddc</subfield>
    <subfield code="4">0</subfield>
    <subfield code="7">0</subfield>
    <subfield code="a">SEACOMEC</subfield>
    <subfield code="b">SEACOMEC</subfield>
    <subfield code="d">2007-08-16</subfield>
    <subfield code="l">0</subfield>
    <subfield code="o">621.3815 C363</subfield>
    <subfield code="p">7937</subfield>
    <subfield code="r">2024-08-26 13:13:51</subfield>
    <subfield code="t">6</subfield>
    <subfield code="w">2024-08-26</subfield>
    <subfield code="y">BOOK</subfield>
  </datafield>
  <datafield tag="952" ind1=" " ind2=" ">
    <subfield code="0">0</subfield>
    <subfield code="1">0</subfield>
    <subfield code="2">ddc</subfield>
    <subfield code="4">0</subfield>
    <subfield code="7">0</subfield>
    <subfield code="a">SEACOMEC</subfield>
    <subfield code="b">SEACOMEC</subfield>
    <subfield code="d">2007-08-16</subfield>
    <subfield code="l">0</subfield>
    <subfield code="o">621.3815 C363</subfield>
    <subfield code="p">7938</subfield>
    <subfield code="r">2024-08-26 13:13:51</subfield>
    <subfield code="t">7</subfield>
    <subfield code="w">2024-08-26</subfield>
    <subfield code="y">BOOK</subfield>
  </datafield>
  <datafield tag="952" ind1=" " ind2=" ">
    <subfield code="0">0</subfield>
    <subfield code="1">0</subfield>
    <subfield code="2">ddc</subfield>
    <subfield code="4">0</subfield>
    <subfield code="7">0</subfield>
    <subfield code="a">SEACOMEC</subfield>
    <subfield code="b">SEACOMEC</subfield>
    <subfield code="d">2007-08-16</subfield>
    <subfield code="l">0</subfield>
    <subfield code="o">621.3815 C363</subfield>
    <subfield code="p">7939</subfield>
    <subfield code="r">2024-08-26 13:13:51</subfield>
    <subfield code="t">8</subfield>
    <subfield code="w">2024-08-26</subfield>
    <subfield code="y">BOOK</subfield>
  </datafield>
  <datafield tag="952" ind1=" " ind2=" ">
    <subfield code="0">0</subfield>
    <subfield code="1">0</subfield>
    <subfield code="2">ddc</subfield>
    <subfield code="4">0</subfield>
    <subfield code="7">0</subfield>
    <subfield code="a">SEACOMEC</subfield>
    <subfield code="b">SEACOMEC</subfield>
    <subfield code="d">2007-08-16</subfield>
    <subfield code="l">0</subfield>
    <subfield code="o">621.3815 C363</subfield>
    <subfield code="p">7940</subfield>
    <subfield code="r">2024-08-26 13:13:51</subfield>
    <subfield code="t">9</subfield>
    <subfield code="w">2024-08-26</subfield>
    <subfield code="y">BOOK</subfield>
  </datafield>
  <datafield tag="999" ind1=" " ind2=" ">
    <subfield code="c">1638</subfield>
    <subfield code="d">1638</subfield>
  </datafield>
</record>
